Guru Nanak : (Record no. 181840)

MARC details
000 -LEADER
fixed length control field 00567nam a22001937a 4500
005 - DATE AND TIME OF LATEST TRANSACTION
control field 20220217110330.0
010 ## - LCCN (DPL NO)
LC control number ENG-130004
020 ## - INTERNATIONAL STANDARD BOOK NUMBER
Terms of availability 350.00
International Standard Book Number 978-93-89467-51--2
035 ## - SYSTEM CONTROL NUMBER
System control number EN-113536
037 ## - SOURCE OF ACQUISITION
Source of stock number/acquisition DBAD/PUB
082 ## - DEWEY DECIMAL CLASSIFICATION NUMBER
Classification number 260.33
245 ## - TITLE STATEMENT
Title Guru Nanak :
Remainder of title A Reader/
Statement of responsibility, etc Edited by Tejwant Singh Gill
250 ## - EDITION STATEMENT
Edition statement 2021
260 ## - PUBLICATION, DISTRIBUTION, ETC. (IMPRINT)
Name of publisher, distributor, etc Sahitya Akademi
Place of publication, distribution, etc New Delhi
270 ## - ADDRESS
Address Rabindra Bhawan ,35 Ferozesshah Road
City New Delhi
Postal code 110001
300 ## - PHYSICAL DESCRIPTION
Extent 220 p
Dimensions 26 CM (hbk)
700 ## - ADDED ENTRY--PERSONAL NAME
Personal name Gill ,Tejwant Singh
942 ## - ADDED ENTRY ELEMENTS (KOHA)
Source of classification or shelving scheme Dewey Decimal Classification
Item type English Books
Classification part 260.33
Call number suffix GUR
Holdings
Withdrawn status Lost status Not for loan Collection code Home library Current library Date acquired Source of acquisition Cost, normal purchase price Full call number Barcode Copy number Cost, replacement price Koha item type
      Non-fiction Ashok Vihar Ashok Vihar 07/10/2021 DBAD/PUB 350.00 260.33 GUR EN-113536 1 350.00 English Books

© Delhi Public Library
Hit Counter
free hit counter